000 00294cam a2200109ua 4500
082 _a016.6318
_bSOM/TR
100 _aSomani, L. L .
_91568
245 _aTrace Elements in Indian Agriculture /
260 _aNew Delhi :
_bAgricole Publishing Academy ,
_c1982.
300 _a276 ; .
942 _cREF
999 _c10903
_d10903